000 00779nam a2200229 a 4500
001 BRCA_2223
005 20190320203724.0
008 830629s1988####fr-a#####b---#001-0#eng-#
020 _a0500201935
050 4 _aN6868.5.E9
_b.W55 1988
100 1 _aWhitford, Frank
_96683
245 1 0 _aBauhaus
_cFrank Whitford.
260 _aLondres
_bThames and Hudson
_c1988
300 _a216 p.
_bil. (algunas a color)
_c21 cm.
440 0 _aWorld of Art
_96684
504 _aBibliografía: p. 211-212
600 1 4 _aGropius - Walter
_d1833-1969
_96685
650 1 4 _aStaatliches Bauhaus [Casa de la Construcción Estatal] - (Weimar, Alemania)
_xHistoria
_96686
650 1 4 _aArquitectura
_vHistoria
_ySiglo XX
_96687
650 1 4 _aDiseño industrial y gráfico
_ySiglo XX
_96688
942 _2lcc
_cB
999 _c1975
_d1975